01607nam a2200289 a 4500001001000000005001700010008004100027041000800068044000600076084002100082100004500103245019900148260003900347300002200386500022100408500028800629500001100917546002400928650005200952650005601004650003401060650004501094700003901139700004501178700004401223740005001267BRCA_326320190320204207.0120309s1828----u--a---###---#000-0#eng-# aeng au a564b.C697c18281 aCervantes Saavedra, Miguel ded1547-161610aThe Life and Exploits of the Gentleman Don Quixote de La ManchacTranslated from the Original Spanish of Miguel de Cervantes Saavedra by Charles Jarvis to which is Prefixed a Life of the Author. aFiladelfiabH. Cowperthwaitec1828 a4 v.bil.c15 cm. aContenido : v.1. Primera parte. Noticia sobre la vida de Cervantes tomada de la escrita por Mayáns. Prólogo del autor. Notas. -- v.2. Texto. -- v.3. Segunda parte. Prólogo del autor. Notas. -- v.4. Texto. Notas aReproducción norteamericana de la versión de Jarvis, con la vida de Cervantes, basada en la escrita por Mayáns, y notas del traductor. Cada volúmen lleva 1 lámina dibujada por Stothard, y otra por Westall. Piel; planos orlados y lomos decorados con dorados Lúdovik Osterc aQM448A aTexto en : inglés14aNovela españolayÉpoca clásica, 1500-170014aLiteratura españolayÉpoca clásica, 1500-170014aNovela españolaySiglo XVII14aDon Quijote (Personaje ficticio)eNovela1 aJarvis, Charlesd?-1739eTraductor1 aSthothard, Thomasd1755-1843eIlustrador1 aWestall, Richardd1765-1836eIlustrador0 aEl Ingenioso Hidalgo Don Quijote de la Mancha